Music Quiz

Random Music or Album Quiz

Justin Timberlake Album Songs Quiz Stats

 Plays Quiz Updated Mar 31, 2020

     
Support Sporcle.
Go Orange.
Score 0/63 Timer 10:00
0 Plays Today
albums % Correct
FutureSex/LoveSoundsSexyBack
86%
JustifiedCry Me a River
81.8%
The 20/20 ExperienceSuit & Tie
81.3%
The 20/20 ExperienceMirrors
77.5%
Man of the WoodsMan of the Woods
69.7%
JustifiedSeñorita
67.3%
FutureSex/LoveSoundsWhat Goes Around... / ...Comes Around
66.3%
Man of the WoodsFilthy
66%
Man of the WoodsSay Something
65.7%
The 20/20 Experience - 2 of 2TKO
65.3%
JustifiedRock Your Body
65.1%
FutureSex/LoveSoundsMy Love
60.2%
The 20/20 Experience - 2 of 2Take Back the Night
59.4%
JustifiedLike I Love You
56.3%
Man of the WoodsSupplies
55.4%
FutureSex/LoveSoundsSummer Love / Set the Mood
53.9%
The 20/20 Experience - 2 of 2Not a Bad Thing
53%
FutureSex/LoveSoundsLoveStoned / I Think She Knows
51.5%
FutureSex/LoveSoundsFutureSex/LoveSound
51.2%
The 20/20 ExperienceStrawberry Bubblegum
49.2%
Man of the WoodsMontana
48.4%
The 20/20 Experience - 2 of 2Murder
47.9%
The 20/20 Experience - 2 of 2Cabaret
47.5%
Man of the WoodsFlannel
46.9%
The 20/20 Experience - 2 of 2Drink You Away
46.2%
The 20/20 ExperiencePusher Love Girl
44.7%
Man of the WoodsMidnight Summer Jam
44.6%
The 20/20 ExperienceTunnel Vision
44.2%
Man of the WoodsYoung Man
43.9%
The 20/20 Experience - 2 of 2True Blood
43.5%
The 20/20 Experience - 2 of 2Amnesia
43.1%
Man of the WoodsHigher Higher
42.7%
albums % Correct
Man of the WoodsMorning Light
42.7%
Man of the WoodsSauce
41.8%
The 20/20 ExperienceBlue Ocean Floor
41.3%
Man of the WoodsWave
41%
Man of the WoodsBreeze Off the Pond
39.9%
The 20/20 ExperienceDon't Hold the Wall
39.4%
The 20/20 ExperienceThat Girl
38.4%
The 20/20 ExperienceLet the Groove Get In
37.4%
FutureSex/LoveSoundsUntil the End of Time
37.4%
The 20/20 ExperienceSpaceship Coupe
37.3%
Man of the WoodsHers
37%
Man of the WoodsLivin' Off the Land
36.8%
The 20/20 Experience - 2 of 2Only When I Walk Away
36.6%
FutureSex/LoveSoundsDamn Girl
35.5%
FutureSex/LoveSoundsLosing My Way
34%
Man of the WoodsThe Hard Stuff
33.6%
FutureSex/LoveSoundsSexy Ladies / Let Me Talk to You
33.5%
FutureSex/LoveSoundsChop Me Up
32.8%
The 20/20 Experience - 2 of 2You Got It On
32.7%
The 20/20 Experience - 2 of 2Pair of Wings
30%
The 20/20 Experience - 2 of 2Gimme What I Don't Know (I Want)
27%
JustifiedNever Again
26.9%
JustifiedTake It from Here
25.9%
JustifiedLast Night
25.6%
FutureSex/LoveSounds(Another Song) All Over Again
25.3%
JustifiedLet's Take a Ride
25%
Justified(Oh No) What You Got
24.8%
JustifiedStill on My Brain
24.5%
Justified(And She Said) Take Me Now
23.9%
JustifiedNothin' Else
22.5%
JustifiedRight for Me
22.3%

From the Vault

'This' or 'That' Song Titles

by JoeBeta

Music 4m
You can get with this, or you can get with that.
Remove Ads.
Support Sporcle.
Get the best of Sporcle when you Go Orange. This ad-free experience offers more features, more stats, and more fun while also helping to support Sporcle. Thank you for becoming a member.

Show Comments

Extras

Top Quizzes Today


Score Distribution

Your Account Isn't Verified!

In order to create a playlist on Sporcle, you need to verify the email address you used during registration. Go to your Sporcle Settings to finish the process.

Report this User

Report this user for behavior that violates our Community Guidelines.

Details: